000 01114am a2200325a 44500
003 AR-BaBNM
005 20251128210134.0
008 189019s1996 #AR|||||||||||000 | spa||
020 _a950-13-2208-4
040 _cAR-BaBNM
245 1 0 _aAntología de la literatura fantástica argentina
_bnarradores del siglo XIX. 1
260 _aBuenos Aires
_bKapelusz
_c1996
300 _a252 p.
_bil.
490 0 _aGrandes obras de la literatura universal
_vv. 66
500 _aContiene referencias bibliográficas en p. 247
500 _aLos cuentos incluídos en la presente selección están precedidos por referencias biobibliográficas de los autores y un breve comentario de la obra
500 _aGuía de trabajos prácticos en p. 249
650 4 _aLITERATURA ARGENTINA
650 4 _aCUENTOS
650 4 _aANTOLOGIAS
650 4 _aESCRITORES
650 4 _aSIGLO DIECINUEVE
653 _aLITERATURA FANTASTICA
655 _aLITERATURA
700 _aDarrigrán, Jorge R.
_ecoordinador
700 1 _aFlesca, Haydée
_eprologuista
700 0 _aSanyú
_eilustrador
942 _cBK
998 _cMARTIN
999 _c14208
_d14208